000 00341nam a2200145Ia 4500
008 150201s2000 xx 000 0 und d
082 _a617.63
_bT2000F
100 _aFRICTION,JAMES
245 _aTMJ & CRANIOFACIAL PAIN
250 _a1ST
260 _bAIPD
_aDELHI
_c2000
300 _a1-182
650 _aORAL MEDICINE
942 _2ddc
_cBK
_02
999 _c3774
_d3774